000 00533nam a2200181Ia 4500
003 GCL
008 140319s9999 xx 000 0 ara d
040 _aGCL /
_cGCL
082 0 4 _aق
_b932
_bز ب
100 1 _aزاهى حواس
245 1 0 _aبناة الاهرام /
_cزاهى حواس
260 _aالقاهرة :
_bدار الشروق ،
_c2002
300 _a187 ص ؛
_c32 سم
650 0 4 _aالحضارة الفرعونية
650 0 4 _aالاثار الفرعونية
650 0 4 _aالاهرام
942 _2ddc
_cBK
999 _c56831
_d56831